The mustard seed : reflections for daily living / (Record no. 3071)

MARC details
000 -LEADER
fixed length control field 00640nam a22002057a 4500
003 - CONTROL NUMBER IDENTIFIER
control field OSt
005 - DATE AND TIME OF LATEST TRANSACTION
control field 20250806014321.0
008 - FIXED-LENGTH DATA ELEMENTS--GENERAL INFORMATION
fixed length control field 240910b |||||||| |||| 00| 0 eng d
020 ## - INTERNATIONAL STANDARD BOOK NUMBER
International Standard Book Number 9715690270
040 ## - CATALOGING SOURCE
Original cataloging agency DWCL-Main Lib.
Transcribing agency OC
082 ## - DEWEY DECIMAL CLASSIFICATION NUMBER
Classification number Fil. 204 G149t 1991
100 ## - MAIN ENTRY--PERSONAL NAME
Personal name Galdon, Joseph., S.J.
245 ## - TITLE STATEMENT
Title The mustard seed : reflections for daily living /
Statement of responsibility, etc. Joseph A. Galdon, S,J.
260 ## - PUBLICATION, DISTRIBUTION, ETC.
Place of publication, distribution, etc. Makati, Metro Manila :
Name of publisher, distributor, etc. The Bookmark Inc. and Maryknoll College Class,
Date of publication, distribution, etc. c1991.
300 ## - PHYSICAL DESCRIPTION
Extent 307 pages ;
Dimensions 23cm.
650 ## - SUBJECT ADDED ENTRY--TOPICAL TERM
Topical term or geographic name entry element 1. Sermons
650 ## - SUBJECT ADDED ENTRY--TOPICAL TERM
Topical term or geographic name entry element 2. Catholic
650 ## - SUBJECT ADDED ENTRY--TOPICAL TERM
Topical term or geographic name entry element 3. Spiritual life
942 ## - ADDED ENTRY ELEMENTS (KOHA)
Source of classification or shelving scheme Dewey Decimal Classification
Koha item type Book-Filipiniana
Call number prefix Fil.
Suppress in OPAC No
952 ## - LOCATION AND ITEM INFORMATION (KOHA)
--
Holdings
Withdrawn status Lost status Source of classification or shelving scheme Damaged status Not for loan Home library Current library Shelving location Date acquired Source of acquisition Total Checkouts Full call number Barcode Date last seen Copy number Price effective from Koha item type Uniform Resource Identifier
    Dewey Decimal Classification     College Library College Library Filipiniana 09/04/2024 Donation   Fil. 204 G149t 1991 CL54137 09/10/2024 c1 09/10/2024 BK - FIL